000 00725nam a2200193 a 4500
001 000045643
005 20240307073949.0
008 150421s1989 dr 000 0 spa d
040 _aDO-SdBNP
_bspa
_cBNPHU
100 1 _aJesús Marcano, Eugenio de
_931187
245 1 0 _aFlórula de la isla cabritos. /
_cEugenio de Jesús Marcano.
260 _aSanto Domingo :
_bUniversitaria-UASD,
_c1989.
300 _a41 p. ;
_c21 cm.
490 1 _aPublicaciones de la Universidad Autónoma de Santo Domingo
_v632
490 1 _aCiencia y sociedad
_v6
710 1 _aUniversidad Autónoma de Santo Domingo
_972951
830 0 _aPublicaciones de la Universidad Autónoma de Santo Domingo
_n632
_973712
830 0 _aCiencia y sociedd
_n6
_973713
999 _c45132
_d45132